Biblioteca "Ernesto Sabato"
Facultad de Derecho y Ciencias Sociales
Facultad de Lenguas
Universidad Nacional del Comahue

Socialization across contexts (Record no. 11415)

MARC details
000 -CABECERA
campo de control de longitud fija 00462caa a22001692a 4500
001 - NÚMERO DE CONTROL
campo de control 005593
003 - IDENTIFICADOR DEL NÚMERO DE CONTROL
campo de control AR-FADEU
008 - DATOS DE LONGITUD FIJA--INFORMACIÓN GENERAL
campo de control de longitud fija 311216n########xxu####################dd
092 ## - ASIGNACIÓN LOCAL DE SIGNATURA TOPOGRÁFICA DEWEY (OCLC)
Número de clasificación 401.9
Número de documento/Ítem H236
100 ## - ENTRADA PRINCIPAL--NOMBRE DE PERSONA
Nombre de persona Ely, Richard
245 ## - MENCIÓN DE TÍTULO
Título Socialization across contexts
300 ## - DESCRIPCIÓN FÍSICA
Extensión PP. 251-270
500 ## - NOTA GENERAL
Nota general En: The Handbook of child language /ed. Paul Fletcher. Oxford : Blackwell, 1995
546 ## - NOTA DE LENGUA/LENGUAJE
Nota de lengua/lenguaje Inglés
700 ## - PUNTO DE ACCESO ADICIONAL--NOMBRE DE PERSONA
Nombre de persona Jean Berko, Gleason
942 ## - ELEMENTOS DE PUNTO DE ACCESO ADICIONAL (KOHA)
Tipo de ítem Koha BDGR

No items available.

Facultad de Derecho y Ciencias Sociales | Universidad Nacional del Comahue | Mendoza y Perú General Roca | Río Negro CP (8332) | Patagonia Argentina | Teléfono: 54-0298-4433670 | | Fax: 0298-4432093 | Fax alumnos: 0298-4435700